| 000 | 00726nam a2200253 4500 | ||
|---|---|---|---|
| 003 | OSt | ||
| 005 | 20260601193526.0 | ||
| 008 | 260508b1961 enka|||| |||| 00| 0 eng d | ||
| 040 |
_aICI _bspa _cICI |
||
| 041 | _aeng | ||
| 050 |
_aN7433.4.A43 _bD47 1961 |
||
| 100 | 1 |
_aAlbers, Josef _935726 |
|
| 245 | 1 |
_aDespite Straight lines / _cJosef Albers |
|
| 264 |
_aLondon: _bYale University Press, _c1961 |
||
| 300 |
_a87 páginas : _bilustraciones |
||
| 336 |
_atexto _2rdacontent |
||
| 337 |
_asin medio _2rdamedia |
||
| 338 |
_avolumen _2rdacarrier |
||
| 650 |
_aArt, abstract _935727 |
||
| 650 |
_aGeometric drawing _935728 |
||
| 650 |
_aDesign. _935729 |
||
| 700 |
_aBucher, Francois, _eAnálisis _935730 |
||
| 942 |
_2lcc _cB _n1 |
||
| 999 |
_c21175 _d21175 |
||